000 00777nam a2200277 a 4500
001 15968
003 BD-RjUL
005 20211208235925.0
008 140211s1963 nyua b 001 0 eng
020 _a002309690X
035 _a(BD-RjUL)16023
040 _aDLC
_cDLC
_dBD-RjUL
_beng
041 _aeng
082 _a658.14
_bBIC 1963
100 1 _aBierman, Harold.
_943751
245 1 4 _aThe capital budgeting decision /
_cby Harold Bierman.
250 _a4th ed.
260 _aNew York :
_bMacmillan,
_c1963.
300 _axi, 246 p. :
_billus ;
_c24 cm
504 _aIncludes bibliographical references
650 0 _aCapital investments
_949475
650 0 _aCapital budget
_918798
700 1 _aSmidt, Seymour.
_9231588
942 _2ddc
_cBK
999 _c15968
_d15968